000 02114cam a22005054i 4500
003 PE-LiUPU
005 20250731173352.0
008 150706s2010 sp a rb 000 0 spa d
020 _a9788498790610
035 _a(Sirsi) i9788498790610
040 _aPE-LiUPU
_bspa
_cPE-LiUPU
_erda
049 _aPRUA
082 0 4 _a270
_bHC
_221
245 0 1 _aHistoria del Cristianismo :
_bIV. el mundo contemporáneo /
_c(coordinador) Francisco J. Carmona Fernández.
264 1 _aMadrid :
_bTrotta, S.A.,
_c2010.
300 _a902 páginas :
_bilustraciones ;
_c24 centímetros.
336 _atext
_2rdacontent
337 _aunmediated
_2rdamedia
338 _avolume
_2rdacarrier
490 0 _aEstructuras y procesos. Religíon. Historia del cristianismo ;
_v4
504 _aIncluye bibliografía.
505 0 _aLa modernidad triunfante: la revolución liberal y su impacto en el mundo cristiano (1789 - 1914) -- Paradojas de la modernidad: Crisis de la hegemonía europea y sus repercusiones en el mundo cristiano (1914-1965) -- Mundialización y postmodernidad: el cristianismo en la era de la globalización (1965 - 2004) -- Temas transversales.
526 _aSEG42
526 _aSEG41
526 _aSEG40
526 _aSEG39
526 _aP94
526 _aP87
526 _aP86
526 _aP85
526 _aP77
526 _aP76
526 _aP35
541 _g007-0020803;
650 0 4 _aCristianismo
_vHistoria.
650 0 4 _aHistoria contemporánea.
700 1 _aCarmona Fernández, Francisco J.,
_ecoord.
710 2 _aUniversidad de Granada
910 _bjv
_cjvm
_d20100623
942 _2ddc
_cBOOK
949 _a270 HC 4
_wDEWEY
_c1
_i61915
_d2016-6-26
_e2016-6-22
_lCCODEBUL1
_mBUL
_n1
_p61.00
_r0
_sY
_tBOOK
_u2015-7-6
_xTEOLOGIA
_PP35
_0COMPRA
_o.STAFF. Colección General
994 _aC0
_bPEPRU
596 _a1
999 _a270 HC 4
_wDEWEY
_c51023
_i61915
_d51023
_e2018-5-14
_f2021-11-10
_g5
_lCCODEBUL1
_mBUL
_n2
_p61.00
_q3
_r0
_sY
_tBOOK
_u2015-7-6
_xTEOLOGIA
_PP35
_0COMPRA
_o.STAFF. Colección Teología
980 _81
_gALBERTO SANCHEZ Responsable de Automatización